000
00276nam a22001217a 4500
008
170210b xxu||||| |||| 00| 0 eng d
041
_a
eng
080
_a
61
100
_a
4
101
_a
SHM
245
_a
CLINICAL MANAGEMENT RESTLESS LEGS SYNDROMES
_c
HENING
942
_2
udc
_c
BK
999
_c
5138
_d
5138